<?xml version="1.0" encoding="UTF-8"?>
<record
    xmlns:xsi="http://www.w3.org/2001/XMLSchema-instance"
    xsi:schemaLocation="http://www.loc.gov/MARC21/slim http://www.loc.gov/standards/marcxml/schema/MARC21slim.xsd"
    xmlns="http://www.loc.gov/MARC21/slim">

  <leader>01156nam a2200229 i 4500</leader>
  <controlfield tag="001">3979</controlfield>
  <controlfield tag="003">KOSZ 005</controlfield>
  <controlfield tag="005">20191017092923.0</controlfield>
  <controlfield tag="008">150326s2001    pl a   f     |000 0 pol</controlfield>
  <datafield tag="040" ind1=" " ind2=" ">
    <subfield code="c">BPK</subfield>
    <subfield code="d">KOSZ 005/EG</subfield>
  </datafield>
  <datafield tag="080" ind1=" " ind2=" ">
    <subfield code="a">624.014.2</subfield>
  </datafield>
  <datafield tag="100" ind1="1" ind2=" ">
    <subfield code="a">PA&#x141;KOWSKI, Szymon.</subfield>
    <subfield code="d">1996 - .</subfield>
    <subfield code="b">Politechnika Koszali&#x144;ska - Wydzia&#x142; Budownictwa i In&#x17C;ynierii &#x15A;rodowiska,</subfield>
    <subfield code="c">Katedra Konstrukcji Metalowych</subfield>
  </datafield>
  <datafield tag="245" ind1="1" ind2="2">
    <subfield code="a">Konstrukcje stalowe :</subfield>
    <subfield code="b">wybrane zagadnienia obliczania i projektowania /</subfield>
    <subfield code="c">Szymon Pa&#x142;kowski.</subfield>
  </datafield>
  <datafield tag="260" ind1=" " ind2=" ">
    <subfield code="a">Warszawa :</subfield>
    <subfield code="b">Wydaw. Naukowe PWN,</subfield>
    <subfield code="c">2001.</subfield>
  </datafield>
  <datafield tag="300" ind1=" " ind2=" ">
    <subfield code="a">226 s. :</subfield>
    <subfield code="b">rys.</subfield>
  </datafield>
  <datafield tag="500" ind1=" " ind2=" ">
    <subfield code="a">Dane z autopsji.</subfield>
  </datafield>
  <datafield tag="520" ind1=" " ind2=" ">
    <subfield code="a">Ksi&#x105;&#x17C;ka zawiera wyb&#xF3;r zagadnie&#x144; dotycz&#x105;cych praktycznego obliczania i projektowania konstrukcji stalowych, om&#xF3;wiono w niej: pr&#x119;ty z&#x142;o&#x17C;one, konstrukcje &#x142;ukowe i ci&#x119;gnowe oraz ramy o w&#x119;z&#x142;ach podatnych. Wszystkie zagadnienie s&#x105; pogl&#x105;dowo obja&#x15B;niane za pomoc&#x105; odpowiednio dobranych przyk&#x142;ad&#xF3;w liczbowych, u&#x142;atwiaj&#x105;cych zrozumienie wyk&#x142;adanego materia&#x142;u.</subfield>
  </datafield>
  <datafield tag="650" ind1=" " ind2="0">
    <subfield code="a">Podr&#x119;czniki akademickie.</subfield>
  </datafield>
  <datafield tag="650" ind1=" " ind2="0">
    <subfield code="a">Konstrukcje stalowe</subfield>
  </datafield>
  <datafield tag="650" ind1=" " ind2="0">
    <subfield code="a">Projektowanie</subfield>
  </datafield>
  <datafield tag="942" ind1=" " ind2=" ">
    <subfield code="c">KS</subfield>
    <subfield code="2">UKD</subfield>
  </datafield>
  <datafield tag="999" ind1=" " ind2=" ">
    <subfield code="c">3979</subfield>
    <subfield code="d">3979</subfield>
  </datafield>
  <datafield tag="952" ind1=" " ind2=" ">
    <subfield code="0">0</subfield>
    <subfield code="1">0</subfield>
    <subfield code="4">0</subfield>
    <subfield code="7">0</subfield>
    <subfield code="a">BPK</subfield>
    <subfield code="b">BPK</subfield>
    <subfield code="o">60240</subfield>
    <subfield code="y">KS</subfield>
  </datafield>
</record>
